20 năm hợp tác Việt Nam - ASEAN về môi trường (1996 - 2016 ) /

Enregistré dans:
Détails bibliographiques
Auteur principal: Nguyễn Hữu Cát.
Autres auteurs: Nguyễn Thị Mai.
Format: Article
Langue:Vietnamese
Sujets:
Tags: Ajouter un tag
Pas de tags, Soyez le premier à ajouter un tag!
Thư viện lưu trữ: Thư viện Trường Đại học Đà Lạt
LEADER 00937nam a2200301 4500
001 DLU180184974
005 ##20180518
040 # # |a DLU  |b vie 
041 # # |a vie 
044 # # |a vn 
100 # # |a Nguyễn Hữu Cát. 
245 # # |a 20 năm hợp tác Việt Nam - ASEAN về môi trường (1996 - 2016 ) /  |c Nguyễn Hữu Cát, Nguyễn Thị Mai. 
653 # # |a Bảo vệ môi trường 
653 # # |a Biến đổi khí hậu 
653 # # |a Liên kết khu vực 
653 # # |a Phát triển bền vững 
653 # # |a Tài nguyên thiên nhiên 
700 # # |a Nguyễn Thị Mai. 
773 # # |t Nghiên cứu Đông Nam Á  |g Số 9, 2016, tr. 74-78 
920 # # |a Phòng Tạp chí -- Trung tâm Thông tin - Thư viện Trường Đại học Đà Lạt 
994 # # |a DLU 
900 # # |a True 
911 # # |a Hoàng Thị Huyền 
925 # # |a G 
926 # # |a A 
927 # # |a BB 
980 # # |a Thư viện Trường Đại học Đà Lạt